000 00462nam a2200181 a 4500
001 1764151737662
003 ACL
005 20251126154057.0
008 251126s2006##################000#0#eng##
020 _a9780849341991
082 0 4 _a621.395
_bCHE
100 1 _aChen, Wai-Kai,
_eauthor.
245 1 0 _aThe VLSI Handbook, Second Edition :
260 _bCRC Press,
_c2006.
650 0 _aTechnology & Engineering.
942 _cENGLISH
040 _aACL
_beng
_cACL
999 _c598979
_d598979